Amino acids, peptides and proteins in organic chemistry Volume 1 Origins and synthesis of amino acids

Salvato in:
Dettagli Bibliografici
Altri autori: Hughes, Andrew B. (Redattore)
Natura: Libro
Lingua:inglese
Pubblicazione: Weinheim Wiley-VCH 2009
Soggetti:
Accesso online:Visualizza in OPAC
Tags: Aggiungi Tag
Nessun Tag, puoi essere il primo ad aggiungerne!!

MARC

LEADER 00000nam a2200000 a 4500
005 20260127134037.0
008 180730 2009 nbu 000 0 eng d
020 |a 9783527320967  |q (v.1) 
035 |a vtls010025743 
039 9 |a 201807301044  |b VLOAD  |c 200911271032  |d mschk03  |c 200911271030  |d mschk03  |c 200911271017  |d mschk03  |y 200911271014  |z mschk03 
040 |a STUSCHK1  |b slo  |c STUSCHK1  |e AACR2 
080 |a 547.7 
245 1 |a Amino acids, peptides and proteins in organic chemistry  |n Volume 1  |p Origins and synthesis of amino acids  |c edited by Andrew B. Hughes 
260 |a Weinheim  |b Wiley-VCH  |c 2009 
300 |a xix, 701 p.  |b ill.  |c 24,5 cm 
650 0 |a Amino acids 
650 0 |a peptides 
650 0 |a Proteins 
650 0 |a Amino acids  |x Synthesis 
700 1 |a Hughes, Andrew B.  |4 edt 
910 |a SCHK95 
919 |a 978-3527-32096-7 
999 |c 2765  |d 2765